000
00268nam a22001217a 4500
008
170505b xxu||||| |||| 00| 0 eng d
041
_a
eng
080
_a
343
100
_a
15
101
_a
SHJ
245
_a
THE DEATH PENALTY IN AMERICA
_c
BEDAU, H.A
942
_2
udc
_c
BK
999
_c
12739
_d
12739